000 00274 a2200121 4500
001 146302
040 _cEscola São Tomás de Aquino
100 _aBRAGA, Edson Rocha
240 1 0 _aOs Lusíadas
_lpor
245 1 0 _aOs Lusíadas
697 _a*LITERATURA JUVENIL
942 _cBK
999 _c146302
_d146302